Score 0/20 Timer 03:00
3 Plays Today
Title Missing Word % Correct
Ice Ice ______Baby
95.1%
U Can't ______ ThisTouch
88.4%
Janie's Got A ______Gun
83%
______ Fallin'Free
75.8%
______ AttractOpposites
73%
______ PieCherry
52.5%
______ Of GloryBlaze
50.6%
______ Is In The HeartGroove
48.8%
Black ______Velvet
46.8%
Unskinny _____Bop
39.8%
Title Missing Word % Correct
______ NationRhythm
37.3%
The ______ DanceHumpty
28.9%
Knockin' ______Boots
28.4%
______ BlondeSuicide
28.4%
______ Of LoveVision
22.9%
I ______ YouRemember
15.7%
______ MeRelease
13.9%
I Wanna Be ______Rich
8.7%
______ In The TempleThieves
7.6%
______ AppealWhip
5.9%

Today's Daily Dose

You're not logged in!

Compare scores with friends on all Sporcle quizzes.
OR
Log In

Sporcle TV

Today on Sporcle TV


Watch our educational content, quiz creation guides, and fun videos on Sporcle TV.

Show Comments

Extras

Top Quizzes Today


Score Distribution

Your Account Isn't Verified!

In order to create a playlist on Sporcle, you need to verify the email address you used during registration. Go to your Sporcle Settings to finish the process.

Report this User

Report this user for behavior that violates our Community Guidelines.

Details: